X-Men: Apocalypse (2016) Quotes - Statistics

General Stats
  • This quiz has been taken 26 times
  • The average score is 8 of 13
Answer Stats
Quote Character % Correct
Everything they've built will fall! And from the ashes of their world, we'll build a better one! Apocalypse
100%
I'm gonna go fight for what I have left. Are you? Mystique
86%
Those with the greatest power... protect those without. That's my message to the world. Charles Xavier
82%
You're psychic, Charles. You can convince me to do anything. Erik Lensherr
77%
Sorry to break it to you but you're not the biggest freak in this school. Jean Grey
77%
I was looking for the Professor. I thought he lived here. Peter Maximoff
73%
The world's first mutant. Moira McTaggert
55%
The world needs the X-Men. Hank McCoy
50%
The only thing American about this place is that it used to be British. Scott Summers
50%
I barely survived my own village, my own family. They all thought I was a curse on the Earth. Ororo Munroe
45%
You can... transform. You're her - the hero. Kurt Wagner
41%
Where is the gentleman going, may I ask? Caliban
23%
I'll be right back. William Stryker
5%
No matching quizzes found
Score Distribution
Percent of People with Each Score
Percentile by Number Answered
Your Score History
You have not taken this quiz